000 00648nam a2200265Ia 4500
005 20260121172707.0
008 008 260114s9999 xx 000 0 eng d
020 _a9783030765989
037 _aEBOOK
040 _aCRL
040 _beng
040 _cCRL
041 _2eng
041 _aeng
084 _qCRL
100 _aZlatko Jovanovic
_91091569
245 2 _aA Cultural History of the 1984 Winter Olympics
260 _bSpringer
260 _bSpringer
260 _c2021
856 _uhttps://link.springer.com/openurl?genre=book&isbn=978-3-030-76598-9
942 _cEBOOK
999 _c1657309
_d1657309